| 000 | 01535nam a22002895a 4500 | ||
|---|---|---|---|
| 003 | OSt | ||
| 005 | 20160922154203.0 | ||
| 008 | 160922s2010 ua frb 000 0 ara d | ||
| 015 | _a2009/14384 | ||
| 020 | _a9774380486 | ||
| 040 |
_aEG-ScBUE _bara _cEG-ScBUE |
||
| 082 | 0 | 4 |
_a345.0268 _bم ط ر _222 |
| 100 | 1 |
_aمطر، عصام عبد الفتاح. _941163 |
|
| 245 | 1 | 4 |
_aالتشريعات الإلكترونية الدولية والعربية : _bجرائم الكمبيوتر والإنترنت - أمن المعلومات - الملكية الفكرية الرقمية - حماية المستهلك : دراسة تفصيلية / _cعصام عبد الفتاح مطر. |
| 260 |
_aالإسكندرية : _bالمكتب الجامعي الحديث، _c2010. |
||
| 300 |
_a875 ص. ؛ _c24 سم. |
||
| 504 | _aيشتمل على إرجاعات ببليوجرافية. | ||
| 650 | 7 |
_aجرائم الحاسبات الإلكترونية _xقوانين وتشريعات _2BUEsh _941164 |
|
| 650 | 7 |
_aأمن الحاسبات الإلكترونية _xقوانين وتشريعات _2BUEsh _941166 |
|
| 650 | 7 |
_aحماية المستهلك _xقوانين و تشريعات _2BUEsh _941167 |
|
| 650 | 7 |
_aالحاسبات الالكترونية _2BUEsh _915372 |
|
| 650 | 7 |
_aالإنترنت _xقوانين وتشريعات _2BUEsh _941165 |
|
| 650 | 7 |
_aحقوق التأليف والنشر _xالنسخ الإلكتروني _xقوانين وتشريعات _2BUEsh _941168 |
|
| 651 | _2BUEsh | ||
| 653 |
_bLLAAWW _cSeptember2016 |
||
| 942 | _2ddc | ||
| 999 |
_c22379 _d22351 |
||